Brazil's New Eye on the Amazon /
Đã lưu trong:
| Tác giả chính: | |
|---|---|
| Định dạng: | Texto |
| Những chủ đề: | |
| Các nhãn: |
Thêm thẻ
Không có thẻ, Là người đầu tiên thẻ bản ghi này!
|
MARC
| LEADER | 00000 a a2200000 04500 | ||
|---|---|---|---|
| 001 | 9988 | ||
| 003 | |||
| 040 | |||
| 100 | |a Ballvé, Marcelo | ||
| 245 | |a Brazil's New Eye on the Amazon / |c Marcelo Ballvé | ||
| 650 | |a VIGILANCIA AMBIENTAL | ||
| 650 | |a SISTEMAS DE COMUNICACION | ||
| 650 | |a INFRAESTRUCTURA DE COMUNICACIONES | ||
| 650 | |a PROTECCION AMBIENTAL | ||
| 650 | |a RECURSOS NATURALES | ||
| 650 | |a POLITICA AMBIENTAL | ||
| 773 | |g volumen 36, número 6; páginas 32-38 | ||
| 999 | |c 25718 |d 25718 | ||
